[Event "Turkish Super League 2019"]
[Site "Konya"]
[Date "2019.07.23"]
[Round "7"]
[White "Tezcan, Emre"]
[Black "Can, Isik"]
[Result "1-0"]
[WhiteElo "2082"]
[BlackElo "2374"]
[Annotator "NA"]
[PlyCount "69"]
[EventDate "2019.07.17"]
[EventType "team-tourn"]
[EventCountry "TUR"]
[SourceTitle "playchess.com"]
[Source "ChessBase"]
[SourceQuality "1"]
[TimeControl "40/5400+30:1800+30"]

1. d4 Nf6 2. c4 e6 3. Nf3 c5 4. d5 b5 5. dxe6 fxe6 6. cxb5 d5 7. g3 Be7 8. Bg2 a6 9. bxa6 O-O 10. O-O Nc6 11. b3 e5 12. Bb2 e4 13. Ne5 Nxe5 14. Bxe5 Rxa6 15. Nc3 Bb7 16. Qc2 Qe8 17. Bxf6 Bxf6 18. Rad1 Qa8 19. Rd2 Bg5 20. e3 Bf6 21. Na4 Rc8 22. Nxc5 Be7 23. b4 Bxc5 24. bxc5 Ra5 25. Rc1 Qa7 26. Qb2 Raxc5 27. Rxc5 Rxc5 {[%emt 1:41:13]} 28. Bxe4 {[%emt 1:32:33]} Bc6 {[%emt 0:00:30]} 29. Rc2 {[%emt 0:07:23]} Rxc2 {[%emt 0:01:08]} 30. Qxc2 {[%emt 0:01:11]} Qb7 {[%emt 0:01:18]} 31. Bxh7+ {[%emt 0:00:41]} Kh8 {[%emt 0:00:00]} 32. Bg6 {[%emt 0:00:36]} Bd7 {[%emt 0:00:20]} 33. Qc5 {[%emt 0:00:43]} Be6 {[%emt 0:00:14]} 34. Qf8+ {[%emt 0:00:41]} Bg8 {[%emt 0:00:01]} 35. Qf5 {[%emt 0:00:02]} 1-0

[Event "Turkish Super League 2019"]
[Site "Konya"]
[Date "2019.07.23"]
[Round "7"]
[White "Dolgun, Can"]
[Black "Ozen, Bahadir"]
[Result "0-1"]
[WhiteElo "2064"]
[BlackElo "2366"]
[Annotator "NA"]
[PlyCount "90"]
[EventDate "2019.07.17"]
[EventType "team-tourn"]
[EventCountry "TUR"]
[SourceTitle "playchess.com"]
[Source "ChessBase"]
[SourceQuality "1"]
[TimeControl "40/5400+30:1800+30"]

1. e4 e5 2. Nf3 Nc6 3. Bc4 Bc5 4. Nc3 Nf6 5. d3 h6 6. Be3 Bxe3 7. fxe3 d6 8. Qe2 O-O 9. O-O-O Be6 10. h3 d5 11. exd5 Nxd5 12. Bxd5 Bxd5 13. d4 Bxf3 14. Qxf3 exd4 15. exd4 Nxd4 16. Qxb7 c5 17. Rhe1 Qg5+ 18. Kb1 Rab8 19. Qd5 Rxb2+ 20. Kxb2 Rb8+ 21. Ka3 Nxc2+ 22. Ka4 Qf6 23. Qd6 Qxd6 24. Rxd6 Nxe1 25. Rd7 Nxg2 26. Rxa7 Nf4 27. Rc7 Nxh3 28. Rxc5 g5 29. Nb5 Nf4 30. Nd6 Rd8 31. Nf5 Ne6 32. Rc2 h5 33. Rf2 h4 34. Kb4 Nf4 35. Kc4 Ra8 36. Kb5 Nd5 37. Kc4 Ra5 {[%emt 1:32:34]} 38. Nh6+ {[%emt 1:42:12]} Kg7 {[%emt 0:00:30]} 39. Nxf7 {[%emt 0:00:30]} g4 {[%emt 0:00:02]} 40. Nd6 {[%emt 0:00:00]} g3 {[%emt 0:00:00]} 41. Re2 {[%emt 0:12:48]} Nf4 {[%emt 0:13:24]} 42. Rb2 {[%emt 0:02:30]} g2 {[%emt 0:01:30]} 43. Rb1 {[%emt 0:00:30]} h3 {[%emt 0:00:30]} 44. Rb7+ {[%emt 0:00:30]} Kg6 {[%emt 0:00:30]} 45. Rb8 {[%emt 0:00:00]} h2 {[%emt 0:00:30]} 0-1

[Event "Turkish Super League 2019"]
[Site "Konya"]
[Date "2019.07.24"]
[Round "8"]
[White "Inarkiev, Ernesto"]
[Black "Kuzubov, Yuriy"]
[Result "1-0"]
[WhiteElo "2693"]
[BlackElo "2671"]
[Annotator "TA"]
[PlyCount "27"]
[EventDate "2019.07.17"]
[EventType "team-tourn"]
[EventCountry "TUR"]
[SourceTitle "playchess.com"]
[Source "ChessBase"]
[SourceQuality "1"]

{[%evp 13,24,35,65,68,78,83,75,70,73,79,84,41,85]} 1. e4 c5 2. Nf3 Nc6 3. d4 cxd4 4. Nxd4 Qb6 5. Nb3 Nf6 6. Nc3 e6 7. Qe2 d6 8. g4 {B33: Sicilian: Pelikan and Sveshnikov Variations} a6 9. g5 Nd7 10. f4 Qc7 11. Be3 b5 12. Qf2 Na5 {Predecessor:} 13. Nxa5 $146 Qxa5 14. Bg2 {1-0 (36) Medvegy,Z (2478)-Bielczyk,J (2351) Schwarzach 2002} 1-0

[Event "Turkish Super League 2019"]
[Site "Konya"]
[Date "2019.07.24"]
[Round "8"]
[White "Firouzja, Alireza"]
[Black "Yaran, Siar"]
[Result "1-0"]
[WhiteElo "2685"]
[BlackElo "2197"]
[Annotator "TA"]
[PlyCount "18"]
[EventDate "2019.07.17"]
[EventType "team-tourn"]
[EventCountry "TUR"]
[SourceTitle "playchess.com"]
[Source "ChessBase"]
[SourceQuality "1"]

{[%evp 9,18,0,8,0,10,-8,2,10,10,0,8]} 1. e4 e5 2. Nf3 Nf6 3. d3 d5 4. exd5 Qxd5 5. a3 (5. Nc3 Bb4 6. Bd2 Bxc3 7. Bxc3 Nc6 8. Be2 b6 9. d4 e4 10. Ne5 O-O 11. O-O Bb7 12. Bc4 {1-0 (62) Zajic,M (2488)-Putka,V (2307) Skopje 2018}) 5... Nc6 {The position is equal.} 6. Nc3 {C42: Petroff Defence: 3 Nxe5 and unusual White 3rd moves} Qd8 7. Be2 Be7 8. O-O O-O 9. b4 $146 ({Predecessor:} 9. Re1 h6 10. h3 Re8 {1-0 (38) Piskur,M (2303)-Chan,N (1835) Skopje 2012}) 9... Re8 {[%mdl 32768] Loss on time!?} 1-0

[Event "Turkish Super League 2019"]
[Site "Konya"]
[Date "2019.07.24"]
[Round "8"]
[White "Ivanchuk, Vassily"]
[Black "Benidze, Davit"]
[Result "1-0"]
[WhiteElo "2684"]
[BlackElo "2469"]
[Annotator "TA"]
[PlyCount "27"]
[EventDate "2019.07.17"]
[EventType "team-tourn"]
[EventCountry "TUR"]
[SourceTitle "playchess.com"]
[Source "ChessBase"]
[SourceQuality "1"]

{[%evp 18,27,18,19,69,63,63,66,64,70,69,64]} 1. e4 c6 2. d4 d5 3. exd5 cxd5 4. c4 Nf6 5. Nc3 e6 6. Nf3 Be7 7. cxd5 Nxd5 8. Bd3 O-O 9. O-O Nc6 10. Re1 g6 {D42: Queen's Gambit Declined: Semi-Tarrasch: 5 cxd5 Nxd5 6 e3 Nc6 7 Bd3} (10... Bf6 11. Be4 Nce7 12. Qd3 g6 13. Bh6 Bg7 14. Bg5 f6 15. Bd2 Nxc3 16. Qxc3 Nd5 17. Qb3 b6 18. Bb4 Rf7 19. Nd2 Bb7 20. Ba3 Qd7 21. Nc4 Bf8 22. Bxf8 Rfxf8 {1-0 (48) Ding,L (2778)-Bu,X (2723) Danzhou 2016}) 11. Bh6 {White is slightly better.} Re8 12. Be4 b6 $146 ({Predecessor:} 12... Nf6 13. Bxc6 bxc6 14. Ne5 Bb7 15. Qf3 Rb8 16. Qf4 Bf8 17. Ne4 Nxe4 18. Qxf7+ Kh8 19. Bxf8 Rxf8 20. Rxe4 c5 21. Rg4 cxd4 22. Nxg6+ hxg6 23. Qxg6 {1-0 (23) Delchev,A (2587)-Bergez,L (2426) St Quentin 2001}) 13. h4 Bb7 {[#]} 14. h5 $1 {[%mdl 512]} 1-0

[Event "Turkish Super League 2019"]
[Site "Konya"]
[Date "2019.07.24"]
[Round "8"]
[White "Demchenko, Anton"]
[Black "Tomashevsky, Evgeny"]
[Result "1/2-1/2"]
[WhiteElo "2665"]
[BlackElo "2702"]
[Annotator "TA"]
[PlyCount "30"]
[EventDate "2019.07.17"]
[EventType "team-tourn"]
[EventCountry "TUR"]
[SourceTitle "playchess.com"]
[Source "ChessBase"]
[SourceQuality "1"]

{[%evp 18,30,31,3,20,0,16,16,12,28,40,25,45,15,22]} 1. e4 e5 2. Nf3 Nc6 3. Bc4 Bc5 4. d3 Nf6 5. O-O d6 6. c3 a6 7. a4 Ba7 8. Re1 O-O 9. h3 Ne7 10. Nbd2 {[%cal Bb1d2,Bd2f1,Bf1g3][%mdl 32]} Ng6 {C54: Giuoco Piano: 4 c3 Nf6, main lines with 5 d4 and 5 d3} 11. Bb3 (11. Nf1 Be6 12. Bxe6 fxe6 13. Ng3 h6 14. d4 Nd7 15. Be3 Qe7 16. a5 Kh7 17. Nd2 Rf7 18. Nc4 {½-½ (57) Caruana,F (2822)-Nakamura,H (2769) Stavanger 2018}) 11... h6 12. Nf1 Re8 13. Ng3 {[#]} Bd7 $146 ({Predecessor:} 13... b5 14. axb5 axb5 {1-0 (53) Rodshtein,M (2687)-Howell,D (2644) Douglas 2016}) 14. d4 Bc6 15. Bc2 d5 1/2-1/2

[Event "Turkish Super League 2019"]
[Site "Konya"]
[Date "2019.07.24"]
[Round "8"]
[White "Alekseenko, Kirill"]
[Black "Moiseenko, Vadim"]
[Result "*"]
[WhiteElo "2650"]
[BlackElo "2523"]
[Annotator "TA"]
[PlyCount "30"]
[EventDate "2019.07.17"]
[EventType "team-tourn"]
[EventCountry "TUR"]
[SourceTitle "playchess.com"]
[Source "ChessBase"]
[SourceQuality "1"]

{[%evp 12,30,28,27,29,31,38,35,44,40,33,27,33,37,75,64,71,72,62,62,64]} 1. e4 c5 2. Nf3 Nc6 3. Bb5 g6 4. Bxc6 dxc6 5. d3 Bg7 6. h3 e5 7. O-O Ne7 {B31: Sicilian: 2...Nc6 3 Bb5 g6} 8. a3 a5 9. Be3 b6 10. Nbd2 a4 11. Qb1 $146 ({Predecessor:} 11. b4 axb3 12. Nxb3 f5 13. a4 f4 14. Bd2 {1-0 (64) Anand,V (2791)-Radjabov,T (2761) Nice 2009}) 11... Qc7 12. b4 axb3 13. Qxb3 Be6 14. Qb2 O-O 15. a4 Rfb8 *

[Event "Turkish Super League 2019"]
[Site "Konya"]
[Date "2019.07.24"]
[Round "8"]
[White "Mamedov, Rauf"]
[Black "Annaberdiev, Meilis"]
[Result "1-0"]
[WhiteElo "2650"]
[BlackElo "2515"]
[Annotator "TA"]
[PlyCount "29"]
[EventDate "2019.07.17"]
[EventType "team-tourn"]
[EventCountry "TUR"]
[SourceTitle "playchess.com"]
[Source "ChessBase"]
[SourceQuality "1"]

{[%evp 9,29,37,64,47,51,45,54,25,39,21,33,11,37,24,55,60,57,56,79,86,70,61]} 1. e4 d5 2. exd5 Qxd5 3. Nc3 Qd8 4. d4 Nf6 5. Nf3 g6 6. Bc4 {B01: Scandinavian Defence} Bg7 7. O-O O-O 8. h3 a6 9. a4 Nc6 10. Re1 e6 $146 (10... b6 {feels hotter.} 11. Bg5 Bb7 12. Qd2 Nb4 13. Ne5 c5) ({Predecessor:} 10... b6 11. b3 e6 12. Be3 Bb7 13. Qe2 {1-0 (68) Kovalev,V (2687)-Maghsoodloo,P (2679) Wijk aan Zee 2019}) 11. Bf4 Nd5 12. Nxd5 exd5 13. Ba2 b6 14. c3 Bb7 15. Nh2 {Accuracy: White = 52%, Black = 62%.} 1-0

[Event "Turkish Super League 2019"]
[Site "Konya"]
[Date "2019.07.24"]
[Round "8"]
[White "Abasov, Nijat"]
[Black "Dastan, Muhammed Batuhan"]
[Result "*"]
[WhiteElo "2641"]
[BlackElo "2565"]
[Annotator "TA"]
[PlyCount "21"]
[EventDate "2019.07.17"]
[EventType "team-tourn"]
[EventCountry "TUR"]
[SourceTitle "playchess.com"]
[Source "ChessBase"]
[SourceQuality "1"]

{[%evp 9,21,0,0,0,0,0,25,20,13,14,36,32,49,50]} 1. e4 c5 2. Nc3 d6 3. f4 g6 4. d4 cxd4 5. Qxd4 Nf6 6. Nf3 {B23: Closed Sicilian: Lines without g3} Nc6 7. Qf2 Bg7 8. Bd3 O-O 9. O-O Rb8 $146 ({Predecessor:} 9... Bg4 10. Qh4 Qa5 11. f5 Bxf3 12. Rxf3 {½-½ (34) Navara,D (2727)-Donchenko,A (2587) Brest 2018}) 10. Kh1 a6 11. f5 *

[Event "Turkish Super League 2019"]
[Site "Konya"]
[Date "2019.07.24"]
[Round "8"]
[White "Sarana, Alexey"]
[Black "Kerigan, Demre"]
[Result "1-0"]
[WhiteElo "2640"]
[BlackElo "2398"]
[Annotator "TA"]
[PlyCount "61"]
[EventDate "2019.07.17"]
[EventType "team-tourn"]
[EventCountry "TUR"]
[SourceTitle "playchess.com"]
[Source "ChessBase"]
[SourceQuality "1"]

{[%evp 15,99,30,44,50,66,58,65,65,63,62,63,61,66,64,57,57,66,54,82,79,87,80,87,75,73,43,57,37,54,35,107,109,108,104,147,147,125,128,129,137,141,133,133,140,153,153,161,157,256,256,293,272,264,261,289,158,143,140,143,136,164,96,86,78,100,75,53,58,59,66,67,67,58,70,2808,2522,2203,2184,4213,3058,29970,29965,29980,29981,29981,29982]} 1. e4 d6 2. d4 Nf6 3. Nc3 e5 4. dxe5 dxe5 5. Qxd8+ Kxd8 6. Bc4 Be6 7. Bxe6 fxe6 8. f3 a6 9. Nh3 {B07: Pirc Defence: Miscellaneous Systems} Bd6 10. Nf2 Nc6 (10... Ke7 11. Be3 Rc8 12. O-O-O Nbd7 13. h4 c5 14. h5 b5 15. g4 Rc6 {1-0 (53) Drygalov,A (2481)-Zablotsky,S (2511) St Petersburg 2018}) 11. Be3 {White is slightly better.} Ke7 12. Nd3 h6 13. Ne2 Nb4 $146 ({Predecessor:} 13... Rad8 14. O-O-O Rhe8 15. Rd2 Kd7 16. Rhd1 Kc8 {1-0 (45) Buchal,S (2330)-Wohlfart,P (2210) Germany 2001}) 14. Nxb4 Bxb4+ 15. c3 Bd6 16. Nc1 a5 17. Nd3 a4 18. Ke2 Nd7 19. Rhd1 c5 20. c4 b6 21. Rd2 Nb8 22. Rad1 Nc6 (22... Kf7 $14) 23. Nf4 $1 $16 {[%cal Rf4g6]} exf4 24. Rxd6 Rac8 25. Bxf4 e5 26. Rd7+ Ke8 27. Bg3 $36 {[%mdl 2048] Keeping Black busy.} (27. Rxg7 $6 exf4 28. Rd6 Nd4+ 29. Kf2 Rb8 $11) 27... Nd4+ 28. R1xd4 $1 cxd4 {[%mdl 4096] Endgame KRR-KRB} 29. Rb7 Rf8 30. Bxe5 {[%mdl 64] And now Kd3 would win. Double Attack} Rxc4 31. Bxg7 {Played: Ke2-d3} 1-0

[Event "Turkish Super League 2019"]
[Site "Konya"]
[Date "2019.07.24"]
[Round "8"]
[White "Kravtsiv, Martyn"]
[Black "Rasulov, Vugar"]
[Result "*"]
[WhiteElo "2628"]
[BlackElo "2534"]
[Annotator "TA"]
[PlyCount "24"]
[EventDate "2019.07.17"]
[EventType "team-tourn"]
[EventCountry "TUR"]
[SourceTitle "playchess.com"]
[Source "ChessBase"]
[SourceQuality "1"]

{[%evp 12,24,22,18,42,29,20,25,35,39,36,41,41,34,51]} 1. e4 c5 2. Nf3 d6 3. Bb5+ Nc6 4. O-O Bd7 5. Re1 a6 6. Bf1 Bg4 7. c3 g6 {B51: Sicilian: Moscow Variation (3 Bb5+) without 3...Bd7} (7... Nf6 8. h3 Bh5 9. d4 Bxf3 10. gxf3 e6 11. d5 Ne7 12. c4 e5 13. f4 exf4 14. e5 dxe5 15. Rxe5 Qd6 16. Bxf4 Nd7 {½-½ (67) Maze,S (2613)-Kleijn,C (2437) chess.com INT 2017}) 8. d4 cxd4 9. cxd4 Bg7 10. Be3 {White is slightly better.} Nf6 11. Nbd2 O-O 12. Rc1 $146 ({Predecessor:} 12. h3 Bxf3 13. Qxf3 Rc8 14. Qd1 e6 15. Rc1 Qd7 16. Rc3 Rc7 17. Qb3 {1-0 (58) Voronina,T (2103)-Portych,V (2140) ICCF email 2016}) 12... Bxf3 *

[Event "Turkish Super League 2019"]
[Site "Konya"]
[Date "2019.07.24"]
[Round "8"]
[White "Rakhmanov, Aleksandr"]
[Black "Asadli, Vugar"]
[Result "*"]
[WhiteElo "2615"]
[BlackElo "2502"]
[Annotator "TA"]
[PlyCount "28"]
[EventDate "2019.07.17"]
[EventType "team-tourn"]
[EventCountry "TUR"]
[SourceTitle "playchess.com"]
[Source "ChessBase"]
[SourceQuality "1"]

{[%evp 12,28,3,-2,39,29,24,38,33,33,47,41,45,50,52,35,48,14,22]} 1. Nf3 Nf6 2. g3 g6 3. Bg2 Bg7 4. O-O O-O 5. d4 d5 6. Nbd2 c5 7. dxc5 Nc6 {D02: 1 d4 d5 2 Nf3 sidelines, including 2...Nf6 3 g3 and 2...Nf6 3 Bf4} 8. Nb3 e5 9. Bg5 (9. h3 h6 10. c3 Be6 11. Be3 a5 12. Ne1 a4 13. Nd2 a3 14. bxa3 Rxa3 15. Qc1 {½-½ (40) Rakhmanov,A (2629)-Dubov,D (2703) Skopje 2019}) 9... Be6 {White is slightly better.} 10. e4 $146 ({Predecessor:} 10. Qd2 Ne4 11. Bxd8 Nxd2 12. Nfxd2 Rfxd8 13. c3 f5 14. e3 Bf8 15. f4 e4 16. Nd4 Bxc5 17. N2b3 Bxd4 18. Nxd4 Nxd4 19. cxd4 Rac8 20. Rfc1 Kf7 21. Kf2 {½-½ (21) Schulz,K (2364)-Urban,J (2257) Germany 2004}) 10... d4 11. Ne1 Qd7 12. Nd3 Rfe8 13. Nd2 Ng4 14. h3 f6 *

[Event "Turkish Super League 2019"]
[Site "Konya"]
[Date "2019.07.24"]
[Round "8"]
[White "Nihal Sarin"]
[Black "Durarbayli, Vasif"]
[Result "*"]
[WhiteElo "2610"]
[BlackElo "2637"]
[Annotator "TA"]
[PlyCount "25"]
[EventDate "2019.07.17"]
[EventType "team-tourn"]
[EventCountry "TUR"]
[SourceTitle "playchess.com"]
[Source "ChessBase"]
[SourceQuality "1"]

{[%evp 16,24,61,63,57,54,76,56,69,61,47]} 1. d4 Nf6 2. c4 e6 3. Nf3 b6 4. a3 Ba6 5. Qc2 Bb7 6. Nc3 c5 7. e4 cxd4 8. Nxd4 d6 9. Be2 a6 {E12: Queen's Indian: Unusual White 4th moves, 4 a3, 4 Nc3 Bb7 5 a3 and 4 Nc3 Bb7} (9... Be7 10. O-O O-O 11. Be3 Nbd7 12. f3 a6 13. Rfc1 Rc8 14. Bf1 d5 15. exd5 exd5 16. Nf5 dxc4 17. Nxe7+ Qxe7 18. Re1 b5 19. Rad1 {½-½ (47) Jakovenko,D (2704)-Zhigalko,S (2671) Doha 2016}) 10. Be3 Nbd7 11. O-O-O Qc7 12. f4 h5 {Predecessor:} 13. f5 $146 *

[Event "Turkish Super League 2019"]
[Site "Konya"]
[Date "2019.07.24"]
[Round "8"]
[White "Safarli, Eltaj"]
[Black "Dogan, Nazmi Can"]
[Result "*"]
[WhiteElo "2608"]
[BlackElo "2276"]
[Annotator "TA"]
[PlyCount "30"]
[EventDate "2019.07.17"]
[EventType "team-tourn"]
[EventCountry "TUR"]
[SourceTitle "playchess.com"]
[Source "ChessBase"]
[SourceQuality "1"]

{[%evp 9,30,8,17,6,2,6,14,8,8,14,25,7,29,0,22,1,41,39,43,51,22,25,21]} 1. e4 c5 2. Nc3 Nc6 3. Bb5 Nd4 4. Nf3 a6 5. Bd3 g6 (5... Nc6 6. O-O d6 7. b3 g6 8. Bb2 Bg7 9. h3 e6 10. Na4 e5 11. Nc3 Nge7 12. a4 {½-½ (76) Andreikin,D (2719)-Carlsen,M (2835) St Petersburg 2018}) 6. Rb1 {B23: Closed Sicilian: Lines without g3} (6. Nxd4 {looks sharper.} cxd4 7. Ne2 Bg7 8. O-O e5 9. c3) 6... Nc6 $146 ({Predecessor:} 6... Bg7 7. b4 cxb4 8. Rxb4 Nc6 9. Rb1 Nf6 10. Bb2 O-O 11. Nd5 e6 12. Nxf6+ Bxf6 13. Bxf6 Qxf6 {½-½ (30) Firouzja,A (2669)-Cornette,M (2556) Reykjavik 2019}) 7. a3 Bg7 8. b4 {The position is equal.} cxb4 9. axb4 b5 10. O-O d6 11. Nd5 Nf6 12. Bb2 e6 13. Nxf6+ Bxf6 14. Bxf6 Qxf6 15. c3 Ne5 *

[Event "Turkish Super League 2019"]
[Site "Konya"]
[Date "2019.07.24"]
[Round "8"]
[White "Romanov, Evgeny"]
[Black "Visakh N R"]
[Result "1-0"]
[WhiteElo "2582"]
[BlackElo "2526"]
[Annotator "ChessBase"]
[PlyCount "53"]
[EventDate "2019.07.17"]
[EventType "team-tourn"]
[EventCountry "TUR"]
[SourceTitle "playchess.com"]
[Source "ChessBase"]
[SourceQuality "1"]
[TimeControl "40/5400+30:1800+30"]

1. c4 e6 2. g3 d5 3. Bg2 Nf6 4. Nf3 dxc4 5. Qa4+ c6 6. Qxc4 b5 7. Qb3 Bb7 8. O-O a6 9. a4 Nbd7 10. d4 Qb6 11. Rd1 Be7 12. Nc3 O-O 13. Bg5 h6 14. Bxf6 Nxf6 15. Ne5 c5 16. d5 exd5 17. Nxd5 Nxd5 18. Nd7 Qe6 19. Nxf8 Rxf8 20. Bxd5 Bxd5 21. Qxd5 Qxe2 22. Re1 Qxb2 23. Ra2 Qf6 24. axb5 axb5 25. Qd7 Bd6 26. Ra6 Qc3 27. Re3 1-0

[Event "Turkish Super League 2019"]
[Site "Konya"]
[Date "2019.07.24"]
[Round "8"]
[White "Mchedlishvili, Mikheil"]
[Black "Can, Emre"]
[Result "1/2-1/2"]
[WhiteElo "2571"]
[BlackElo "2595"]
[Annotator "ChessBase"]
[PlyCount "34"]
[EventDate "2019.07.17"]
[EventType "team-tourn"]
[EventCountry "TUR"]
[SourceTitle "playchess.com"]
[Source "ChessBase"]
[SourceQuality "1"]
[TimeControl "40/5400+30:1800+30"]

1. d4 Nf6 2. c4 c5 3. d5 e6 4. Nc3 exd5 5. cxd5 d6 6. e4 g6 7. Nge2 Bg7 8. Ng3 O-O 9. Be2 a6 10. a4 Nbd7 11. O-O Re8 12. Bg5 h6 13. Be3 h5 14. Bg5 Qa5 15. f4 Qb4 16. Qc2 Nh7 17. Bh4 c4 1/2-1/2

[Event "Turkish Super League 2019"]
[Site "Konya"]
[Date "2019.07.24"]
[Round "8"]
[White "Dimitrov, Radoslav"]
[Black "Esen, Baris"]
[Result "0-1"]
[WhiteElo "2530"]
[BlackElo "2478"]
[Annotator "TA"]
[PlyCount "35"]
[EventDate "2019.07.17"]
[EventType "team-tourn"]
[EventCountry "TUR"]
[SourceTitle "playchess.com"]
[Source "ChessBase"]
[SourceQuality "1"]

{[%evp 18,25,-45,-75,-35,-47,-50,-59,-33,-44]} 1. e4 c5 2. Nc3 d6 3. f4 g6 4. Nf3 Bg7 5. Bc4 Nc6 6. O-O e6 7. f5 exf5 8. d3 h6 9. Qe1 Nge7 10. Qg3 Ne5 {B23: Closed Sicilian: Lines without g3} 11. Nxe5 {Black is slightly better.} dxe5 12. Qf2 O-O $146 ({Predecessor:} 12... b6 13. exf5 gxf5 14. Qf3 Be6 15. Bxe6 fxe6 16. Bd2 Kd7 17. Nb5 Nc6 18. a4 {0-1 (58) Vayser,V (2366)-Raykin,L (2590) ICCF corr 2003}) 13. Qxc5 f4 14. Qf2 g5 15. b4 Ng6 16. b5 g4 17. g3 h5 18. Nd5 {0-1 (52) Dimitrov,R (2530)-Esen,B (2478) Konya 2019} 0-1

[Event "Turkish Super League 2019"]
[Site "Konya"]
[Date "2019.07.24"]
[Round "8"]
[White "Iljiushenok, Ilia"]
[Black "Sanal, Vahap"]
[Result "0-1"]
[WhiteElo "2520"]
[BlackElo "2520"]
[Annotator "TA"]
[PlyCount "120"]
[EventDate "2019.07.17"]
[EventType "team-tourn"]
[EventCountry "TUR"]
[SourceTitle "playchess.com"]
[Source "ChessBase"]
[SourceQuality "1"]

{[%evp 16,120,27,28,46,29,40,37,37,23,53,55,67,60,52,73,72,53,19,35,36,0,-22,-85,-75,-66,-62,-118,-134,-222,-212,-256,-249,-226,-163,-177,-141,-136,0,-18,-28,-22,-31,-28,-27,-67,-34,-67,-43,-133,-137,-167,-167,-161,-160,-231,-140,-394,-401,-441,-323,-996,-1012,-920,-977,-634,-894,-864,-822,-708,-707,-656,-648,-648,-634,-615,-618,-596,-591,-29969,-29974,-29975,-29976,-29978,-29979,-29979,-29980,-29980,-29968,-29961,0,-29980,-29981,-29980,-29981,-29983,-29984,-29986,-29987,-29989,-29990,-29990,-29991,-29991,-29992,-29993,-29994]} 1. e4 c5 2. Nf3 d6 3. d4 cxd4 4. Nxd4 Nf6 5. Nc3 a6 6. Bg5 e6 7. f4 h6 8. Bh4 Be7 9. Qf3 Nc6 {B98: Sicilian Najdorf: 6 Bg5 e6 7 f4 Be7, sidelines} (9... Nbd7 10. O-O-O g5 11. fxg5 hxg5 12. Bg3 Qc7 13. Bb5 g4 14. Qe2 e5 15. Nf5 axb5 16. Nxb5 Qc6 17. Nbxd6+ Bxd6 18. Nxd6+ {1-0 (41) Dubov,D (2666)-Artemiev,V (2692) Tbilisi 2017}) 10. O-O-O Nxd4 11. Rxd4 Qb6 {White is slightly better.} 12. Rd2 {And now e5 would win.} Qc5 13. g4 Bd7 14. Bf2 Qa5 15. Bc4 $146 ({Predecessor:} 15. h4 Bc6 16. g5 Nd7 17. Bh3 hxg5 18. hxg5 {1-0 (36) Ivic,V (2425)-Eric,J (2324) Veliko Gradiste 2018}) 15... Rc8 {[#]} 16. Bb3 $1 Rxc3 17. bxc3 O-O $1 18. g5 (18. Kb1 $14) 18... hxg5 $40 {[%mdl 128] Black mounts an attack.} 19. fxg5 {[#]} (19. Rg1 $1 $11 Bc6 20. Re2) 19... Nxe4 $1 $17 20. Qxe4 {Hoping for Rg1.} Bc6 {[%mdl 64] Skewer} 21. Qd3 ({Better is} 21. Qg4 $15 Bxh1 22. g6) 21... Bxh1 22. h4 (22. g6 $17 Qh5 23. gxf7+ Qxf7 24. Bd4) 22... d5 $19 23. Kb1 Be4 24. Qg3 Bc5 25. h5 Rc8 {aiming for ...Bxf2.} 26. g6 fxg6 (26... Qc7 $17 27. gxf7+ Kxf7 28. Qxc7+ Rxc7) 27. hxg6 (27. Qe5 $5 {[%cal Re5e6]} Re8 28. hxg6 Bxf2 29. Rxf2 $17) 27... Bxf2 28. Qe5 Qb6 {[#]} 29. Rxf2 $1 {[%mdl 512]} Rf8 (29... Qxf2 30. Qxe6+) 30. Rxf8+ Kxf8 31. Qg3 Ke7 {White must now prevent ...Kf6.} 32. c4 (32. Qe5 $1 $15 Bxg6 33. Qxg7+ Bf7 34. Qg5+ Ke8 35. Qf4) 32... Kf6 $17 33. cxd5 exd5 34. Kc1 Qe6 35. a4 (35. Qc7 $17) 35... b6 ({Resist} 35... Bxg6 36. Qf4+ Bf5 37. Qd4+ Qe5 38. Qb6+ Be6 39. Qxb7 $17) 36. c4 $2 {[%mdl 8192]} (36. c3 $17) 36... dxc4 $19 37. Qh4+ Kxg6 38. Bd1 $2 (38. Qg3+ Kf6 39. Qf4+ Kg6 40. Qg3+ Kh7 41. Qh4+ Qh6+ 42. Qxh6+ gxh6 43. Bxc4) 38... Qe5 {( -> ...Qc3+)} 39. Bh5+ Qxh5 40. Qxe4+ {[%mdl 4096] Endgame KQ-KQ} Qf5 41. Qc6+ Kh5 42. Qh1+ Kg5 43. Qg2+ Qg4 44. Qd5+ Kh6 {Threatens to win with ...Qg5+.} 45. Qh1+ Qh5 46. Qc6+ g6 47. Qxb6 Qg5+ 48. Kc2 Qf5+ 49. Kd2 Qd3+ 50. Ke1 c3 51. Qf6 Qe4+ 52. Kd1 Qd3+ 53. Ke1 {intending Qh4+.} Qe3+ {Black mates.} 54. Kf1 Kh5 55. Qc6 Qd3+ 56. Kf2 c2 57. a5 Qd2+ 58. Kg3 Qe3+ 59. Kh2 Qf4+ 60. Kh3 c1=Q {Accuracy: White = 36%, Black = 75%.} 0-1